| 000 | 02467nam a2200529 i 4500 | ||
|---|---|---|---|
| 003 | DO-SdBNP | ||
| 005 | 20240425151935.0 | ||
| 007 | ta | ||
| 008 | 240425s2023 dr ac 000 0 spa d | ||
| 020 | _a9789945270129 | ||
| 040 |
_aDO-SdBNP _bspa _cBNPHU _erda |
||
| 082 |
_222 _bC569s |
||
| 245 | 0 | 0 |
_aCiencias sociales 3 : _beducación básica. / _cdirección editorial Anna Rogero Soler, Denise Pineda Martínez : fotografías Katy León, Rosa Vleira, Silverio Vidal, Belkis Reynoso, Sergio Reyes II, Anabel Pérez, Ministerio de Turismo, Ubaldo Solís, Freddy Marzan, Ministerio de Medio Ambiente, Vicente Tolentino, Senado de la República Dominicana, Ramón Morillo, Juan Emilio Reyes, Senia Rodríguez : ilustraciones Wi-Hen Fung, Melvyn Paulino, Juan del Pino Briceño, Javier Bahamonde Otárola. |
| 264 | 1 |
_aSanto Domingo, : _bSM, _c2023. |
|
| 300 |
_a159 páginas _bilustraciones, retratos _c28 cm. |
||
| 336 |
_2rdacontent _atexto _btxt |
||
| 337 |
_2rdamedia _asin mediación _bn |
||
| 338 |
_2rdacarrier _avolumen _bnc |
||
| 490 | 1 |
_aSer y saber _v3 |
|
| 500 | _aEducación básica | ||
| 590 | _aInventariado, 2024/ YL | ||
| 700 | 1 |
_aRogero Soler, Anna _edirección _930656 |
|
| 700 | 1 |
_aPineda Martínez, Denise _edirección _929220 |
|
| 700 | 1 |
_aLeón, Katy _efotografías _985314 |
|
| 700 | 1 |
_aVleira, Rosa _efotografías _969593 |
|
| 700 | 1 |
_aVidal, Silverio _efotografías _985315 |
|
| 700 | 1 |
_aReynoso, Belkis _efotografías _985316 |
|
| 700 | 1 |
_aReyes II, Sergio _efotografías _985317 |
|
| 700 | 1 |
_aPérez, Anabel _efotografías _985318 |
|
| 700 | 1 |
_aSolís, Ubaldo _efotografías _985325 |
|
| 700 | 1 |
_aMarzán, Freddy _efotografías _985315 |
|
| 700 | 1 |
_aTolentino, Vicente _efotografías _985326 |
|
| 700 | 1 |
_aMorillo, Ramón _efotografías _984101 |
|
| 700 | 1 |
_aReyes, Juan Emilio _efotografías _985327 |
|
| 700 | 1 |
_aRodríguez, Senia _efotografías _985328 |
|
| 700 | 1 |
_aFélix, Cristian _eilustraciones _923171 |
|
| 700 | 1 |
_aCastillo, Edmundo _eilustraciones _985319 |
|
| 700 | 1 |
_aFung, Wi-Hen _eilustraciones _973248 |
|
| 700 | 1 |
_aGómez Blumenthal, Álvaro _eilustraciones _985319 |
|
| 700 | 1 |
_aGonzález, Ángela _eilustraciones _985324 |
|
| 710 |
_aMinisterio de Medio Ambiente _efotografías _985320 |
||
| 710 |
_aSenado de la República Dominicana, _efotografías _985321 |
||
| 710 |
_aMinisterio de Turismo _efotografías _985322 |
||
| 710 |
_aMoro Studio _eilustraciones _985323 |
||
| 910 | _aYLockward | ||
| 942 |
_2ddc _cLBS1 |
||
| 999 |
_c56518 _d56518 |
||